Nomenclatura arancelaria: arancel nacional anotado
Saved in:
| Institution som forfatter: | |
|---|---|
| Format: | Bog |
| Sprog: | spansk |
| Udgivet: |
Santiago
Legis
2012
|
| Fag: | |
| Tags: |
Tilføj Tag
Ingen Tags, Vær først til at tagge denne postø!
|
MARC
| LEADER | 00000cam a2200000 a 4500 | ||
|---|---|---|---|
| 001 | UCF0446 | ||
| 003 | CL-VaPUC | ||
| 008 | 120517e20120000CL |||||||||||||||||spa|d | ||
| 020 | |a 9789567498451 | ||
| 082 | 0 | 4 | |a 343.096 |b LEG |2 21 |
| 110 | 2 | |a Legis Chile S.A |e author |9 562251 | |
| 245 | 1 | 0 | |a Nomenclatura arancelaria: arancel nacional anotado |
| 300 | |a pág. irreg | ||
| 942 | |c BK | ||
| 945 | |d 20120517 00:00:00 |a dcastane | ||
| 260 | |a Santiago |b Legis |c 2012 | ||
| 650 | 0 | |a Derecho marítimo |9 255301 | |
| 650 | 0 | |a Aranceles aduaneros |9 317344 | |
| 650 | 0 | |a Transporte marítimo |9 260127 | |
| 650 | 0 | |a Derecho aduanero |9 324531 | |
| 583 | |a last modification |c 20121105 01:46:15 |k Rodrigo Vera | ||
| 999 | |c 347760 |d 347758 | ||